000 00675nam a2200217Ia 4500
008 100315s9999 xx 000 0 und d
040 _cENGLISH 
082 _b15 
100 _a"Kuchhal, S.C. "
245 _aFinanacial Management : An Analytical & Conceptual Approch
250 _a2nd 
260 _aAllahabad 
_bChaitanya Pub. House  
_c1973 
300 _a580p. 
365 _eRupees 
_d
_b40.00 
366 _f
505 _gTushar Jadhav 
620 _aFinanacial Management 
630 _aFinanacial Management : An Analytical & Conceptual Approch
730 _aFinanacial Management : An Analytical & Conceptual Approch
942 _cBOOK
999 _c474750
_d474747